000 00463 a2200169 4500
005 20260506105725.0
008 260504b |||||||| |||| 00| 0 eng d
020 _a9780691157498
040 _cSDCL
084 _aR3xN09:g Q3
100 _aBerlin, Isaiah
_9863128
245 _aConcepts and Categories :
_b Philosophical Essays
250 _a2nd
260 _bPrinceton ,
_c2013.
_aUnited States of America :
300 _axxxix, 344p.
942 _cTEXL
_2CC
999 _c1467308
_d1467308